Problemas de cálculo infinitesimal
Saved in:
| Main Authors: | , |
|---|---|
| Format: | Bog |
| Sprog: | spansk |
| Udgivet: |
Madrid
McGraw Hill
1997
|
| Serier: | Serie Schaum
|
| Fag: | |
| Tags: |
Tilføj Tag
Ingen Tags, Vær først til at tagge denne postø!
|
MARC
| LEADER | 00000nam a2200000 a 4500 | ||
|---|---|---|---|
| 001 | UCP6085 | ||
| 003 | CL-VaPUC | ||
| 008 | 991008e19970000SP |||||||||||||||||spa|d | ||
| 082 | 0 | 4 | |a 515 |b FUE |2 21 |
| 100 | 0 | |a Fuertes García, Jesús |e author |9 434912 | |
| 700 | 0 | |a Martínez Hernando, Jesús |e author |9 434913 | |
| 245 | 1 | 0 | |a Problemas de cálculo infinitesimal |
| 300 | |a 275 p | ||
| 942 | |c BK | ||
| 945 | |d 19991008 00:00:00 |a rbrito | ||
| 260 | |a Madrid |b McGraw Hill |c 1997 | ||
| 650 | 7 | |a CALCULO INFINITESIMAL |2 CL-VaPUC |9 393434 | |
| 650 | 0 | |a Números reales |9 270334 | |
| 650 | 0 | |a Números complejos |9 270335 | |
| 650 | 0 | |a Topología |9 260092 | |
| 650 | 0 | |a Funciones |9 263869 | |
| 583 | |a last modification |c 19991008 00:00:00 |k Rodrigo Vera | ||
| 490 | 0 | |a Serie Schaum | |
| 999 | |c 283709 |d 283707 | ||
| 952 | |0 0 |1 0 |4 0 |6 515_000000000000000_FUE_1997 |7 0 |8 A |9 327115 |a BIBMAT |b BIBMAT |d 2019-11-20 |i 3568903 |l 1 |o 515 FUE 1997 |p 3568903 |r 2025-01-07 |s 2022-05-06 |w 2019-11-20 |y BK |k MAT | ||